60 años. Universidad Católica del Norte. Desde 1956 formando los mejores profesionales del Norte de Chile.
Gorde:
| Erakunde egilea: | |
|---|---|
| Formatua: | Liburua |
| Hizkuntza: | gaztelania |
| Argitaratua: |
Antofagasta, Chile:
Ediciones Universitarias de la Universidad Católica del Norte,
2016.
|
| Gaiak: | |
| Etiketak: |
Etiketa erantsi
Etiketarik gabe, Izan zaitez lehena erregistro honi etiketa jartzen!
|
MARC
| LEADER | 00000cam a2200000 a 4500 | ||
|---|---|---|---|
| 001 | UCD6344 | ||
| 003 | CL-VaPUC | ||
| 005 | 20220822114411.0 | ||
| 008 | 161201e20160000cl |||||||||||||||||spa|d | ||
| 999 | |c 366699 |d 366697 | ||
| 020 | |a 978-956-287-378-9 | ||
| 040 | |c Pontificia Universidad Católica de Valparaíso | ||
| 082 | 0 | 4 | |a 378.0098313 UNI 2016 |2 21 |
| 110 | 2 | |a Universidad Católica del Norte |e autor |9 590150 | |
| 245 | 1 | 0 | |a 60 años. Universidad Católica del Norte. |b Desde 1956 formando los mejores profesionales del Norte de Chile. |
| 260 | |a Antofagasta, Chile: |b Ediciones Universitarias de la Universidad Católica del Norte, |c 2016. | ||
| 300 | |a 199 páginas. | ||
| 500 | |a c.2 Donación Familia Prof. Alejandro Guzmán Brito. | ||
| 583 | |a last modification |c 20161201 17:35:00 |k Rodrigo Vera | ||
| 650 | 0 | |a Educación superior |9 223851 | |
| 650 | 0 | |a Universidades chilenas |9 407335 | |
| 650 | 0 | |a Historia de la educación |9 257642 | |
| 942 | |c BK |2 ddc |n 0 | ||
| 945 | |d 20161201 17:35:00 |a dcastane | ||
| 952 | |0 0 |1 0 |3 erd |4 0 |6 378_009831300000000_UNI_2016 |7 0 |8 A |9 481167 |a BIBHIS |b BIBHIS |i 5354021 |o 378.0098313 UNI 2016 |p 5354021 |r 2025-01-20 |w 2019-11-24 |y BK |z Catalogado en:20161201 |k HIS | ||
| 952 | |0 0 |1 0 |2 ddc |4 0 |6 378_009831300000000_UNI_2016 |7 1 |8 C_AGB |9 581284 |a BIBDER |b BIBDER |d 2022-02-10 |e Donación |i 5646308 |o 378.0098313 UNI 2016 |p 5646308 |r 2023-01-25 |t 2 |w 2022-02-10 |y BK_US |k AGB | ||